<?xml version="1.0" encoding="UTF-8"?>
<marc:record xmlns:marc="http://www.loc.gov/MARC21/slim">
   <marc:leader>00000nam a2200000 a 4500</marc:leader>
   <marc:datafield ind1="1" ind2=" " tag="100">
      <marc:subfield code="a">Ohba, Tsugumi</marc:subfield>
      <marc:subfield code="4">aut</marc:subfield>
      <marc:subfield code="e">Verfasser/-in</marc:subfield>
   </marc:datafield>
   <marc:datafield ind1="0" ind2="0" tag="245">
      <marc:subfield code="a">Death Note 13</marc:subfield>
   </marc:datafield>
   <marc:datafield ind1="0" ind2="0" tag="245">
      <marc:subfield code="b">How to read</marc:subfield>
   </marc:datafield>
   <marc:datafield ind1=" " ind2="1" tag="264">
      <marc:subfield code="b">TOKYOPOP GmbH</marc:subfield>
      <marc:subfield code="c">2021</marc:subfield>
   </marc:datafield>
   <marc:datafield ind1="1" ind2=" " tag="520">
      <marc:subfield code="a">Die ultimative Enzyklopädie zur legendären Death Note-Serie! Dieses Begleitwerk lässt keine Wünsche mehr offen. Der fall Kira und das Death Note haben die Welt erschüttert, aber auch so einige offene Fragen hinterlassen. Alles, was bisher unausgesprochen oder unaufgedeckt blieb, wird nun aufgerollt. Eine umfassende Analyse der Charaktere, der Welt der Todesgötter sowie vieler ungelöster Rätsel ist ebenso enthalten wie eine Chronologie der Geschehnisse, spannendes Hintergrundwissen, ein Gespräch zwischen Tsugumi Ohba und Takeshi Obata und ein Extra-Manga. Death Note satt! Ein packendes Must-Have für alle Death Note-Fans.</marc:subfield>
   </marc:datafield>
</marc:record>
